书目信息 |
| 题名: |
图书编目基础知识问答
|
|
| 作者: | 卢子博 , 倪波 主编 | |
| 分册: | ||
| 出版信息: | 北京 书目文献出版社 1983 |
|
| 页数: | 140页 | |
| 开本: | 19cm | |
| 丛书名: | 《图书馆业务基础知识问答》丛书 | |
| 单 册: | ||
| 中图分类: | G254.3 | |
| 科图分类: | ||
| 主题词: | 图书编目--基本知识 | |
| 电子资源: | ||
| ISBN: | ||
| 000 | 00791nam2 2200265 45 | |
| 001 | 0183009683 | |
| 005 | 20060808170714.92 | |
| 010 | @dCNY0.53 | |
| 091 | @a7201.41 | |
| 100 | @a19950623d1983 em y0chiy0121 ea | |
| 101 | 0 | @achi |
| 102 | @aCN@b110000 | |
| 105 | @ay z 000yy | |
| 200 | 10 | @a图书编目基础知识问答@Atu shu bian mu ji chu zhi shi wen da@f卢子博, 倪波主编 |
| 210 | @a北京@c书目文献出版社@d1983 | |
| 215 | @a140页@d19cm | |
| 225 | 2 | @a《图书馆业务基础知识问答》丛书@v4 |
| 410 | 0 | @120010@a《图书馆业务基础知识问答》丛书 |
| 606 | @a图书编目@x基本知识 | |
| 690 | @aG254.3@v3 | |
| 701 | 0 | @a卢子博@Alu zi bo@4主编 |
| 701 | 0 | @a倪波@Ani bo@4主编 |
| 801 | 0 | @aCN@b上海图书馆@c20060808 |
| 801 | 2 | @aCN@bNLC@c20060728 |
| 905 | @f9@b106453-461@dG254.3@e17@b174400-402@f3 | |
| 图书编目基础知识问答/卢子博, 倪波主编.-北京:书目文献出版社,1983 |
| 140页;19cm.-(《图书馆业务基础知识问答》丛书;4) |
| ISBN :CNY0.53 |
| ● |
| 相关链接 |
|
|
|
|
正题名:图书编目基础知识问答
索取号:G254.3/17
 
预约/预借
| 序号 | 登录号 | 条形码 | 馆藏地/架位号 | 状态 | 备注 |
| 1 | 0106453 | 000502290 | 第四借阅区/ [索取号:G254.3/17] | 在馆 | |
| 2 | 0106454 | 000502352 | 密集书库/ [索取号:G254.3/17] | 在馆 | |
| 3 | 0106455 | 000502245 | 第四借阅区/ [索取号:G254.3/17] | 在馆 | |
| 4 | 0106456 | 000502254 | 密集书库/ [索取号:G254.3/17] | 在馆 | |
| 5 | 0106457 | 000502281 | 密集书库/ [索取号:G254.3/17] | 在馆 | |
| 6 | 0106458 | 000502334 | 密集书库/ [索取号:G254.3/17] | 在馆 | |
| 7 | 0106459 | 000502307 | 密集书库/ [索取号:G254.3/17] | 在馆 | |
| 8 | 0106460 | 000502272 | 密集书库/ [索取号:G254.3/17] | 在馆 | |
| 9 | 0106461 | 000502343 | 密集书库/ [索取号:G254.3/17] | 在馆 | |
| 10 | 0106462 | 000502263 | 第一样本阅览室/ [索取号:G254.3/17] | 在馆 | |
| 11 | 0174400 | 000502316 | 密集书库/ [索取号:G254.3/17] | 在馆 | |
| 12 | 0174401 | 000502325 | 密集书库/ [索取号:G254.3/17] | 在馆 | |
| 13 | 0174402 | 000502236 | 密集书库/ [索取号:G254.3/17] | 在馆 | |
| 14 | 0440358 | 204403582 | 密集书库/ [索取号:G254.3/17] | 在馆 | |
| 15 | 0447479 | 204474791 | 密集书库/ [索取号:G254.3/17] | 在馆 | |
| 16 | 0447480 | 204474808 | 密集书库/ [索取号:G254.3/17] | 在馆 | |
| 17 | 0447481 | 204474817 | 密集书库/ [索取号:G254.3/17] | 在馆 | |
| 18 | 0447482 | 204474826 | 密集书库/ [索取号:G254.3/17] | 在馆 | |
| 19 | 0447483 | 204474835 | 密集书库/ [索取号:G254.3/17] | 在馆 | |
| 20 | 0447484 | 204474844 | 密集书库/ [索取号:G254.3/17] | 在馆 | |
| 21 | 0447485 | 204474853 | 密集书库/ [索取号:G254.3/17] | 在馆 | |
| 22 | 0447486 | 204474862 | 密集书库/ [索取号:G254.3/17] | 在馆 | |
| 23 | 0447487 | 204474871 | 密集书库/ [索取号:G254.3/17] | 在馆 | |
| 24 | 0447488 | 204474880 | 密集书库/ [索取号:G254.3/17] | 在馆 | |
| 25 | 0447489 | 204474899 | 密集书库/ [索取号:G254.3/17] | 在馆 | |
| 26 | 0447490 | 204474906 | 密集书库/ [索取号:G254.3/17] | 在馆 |